000 00334nam a2200157Ia 4500
100 _aOrlov/ P.
490 _v3
942 _cBK
654 _aMachine design
245 _aFundamentals of machine design
260 _bMir Publishers
_aMoscow
_c1977
082 _a621.815
_bOrl
300 _a271
546 _aENGLISH
999 _c34341
_d34341